| 000 | 00677nam a2200181 4500 | ||
|---|---|---|---|
| 008 | 160628b xxu||||| |||| 00| 0 eng d | ||
| 020 | _a9780735620377 | ||
| 082 |
_22005 _aDC 005.36 _bK89m |
||
| 100 |
_910674 _aKrieger, Stephanie |
||
| 245 |
_aMicrosoft office document designer: _byour easy-to-use toolkit and complete how-to source for professional-quality documets/ _cStephanie Krieger. |
||
| 260 |
_aWashington: _bMicrosoft Press, _cc2005. |
||
| 300 |
_aix, 163 pages: _bcolor illustrations; _c18 cm. |
||
| 500 | _aIncludes appendix and indexes. | ||
| 650 | 0 |
_910678 _aMicrosoft office |
|
| 650 | 0 |
_910679 _aApplication software |
|
| 365 |
_aPhp _b2, 998.00 |
||
| 942 |
_2ddc _cDC |
||
| 999 |
_c3196 _d3196 |
||